Champions des Ligues Majeures des USA - Statistiques

Statistiques générales
  • Ce quiz a été pris 120 fois
    71 depuis la dernière actualisation
  • Le résultat moyen est 30 sur 89
Statistiques - réponses
% Correct
Los Angeles Lakers
95%
Chicago Bulls
92%
San Antonio Spurs
90%
Boston Celtics
88%
Miami Heat
88%
Golden State Warriors
87%
Cleveland Cavaliers
83%
Toronto Raptors
77%
Detroit Pistons
75%
Milwaukee Bucks
75%
Houston Rockets
72%
Dallas Mavericks
68%
New England Patriots
65%
New York Knicks
65%
Cincinnati Reds
55%
New York Yankees
55%
Oklahoma City Thunder
55%
Green Bay Packers
53%
Philadephie 76ers
50%
Sacramento Kings
50%
Portland Trail Blazzers
48%
Kansas City Chiefs
47%
Los Angeles Kings
47%
Los Angeles Rams
47%
Atlanta Hawks
45%
Miami Dolphins
45%
New York Giants
42%
San Francisco Giants
42%
San Francisco 49ers
40%
Chicago Cubs
38%
Boston Red Sox
37%
Chicago White Sox
37%
Dallas Cowboys
37%
Philadelphia Eagles
37%
Baltimore Ravens
30%
Denver Broncos
30%
New York Mets
30%
Pittsburgh Steelers
30%
Washington Wizards
30%
New York Jets
28%
Oakland Raiders
28%
Tampa Bay Buccaneers
28%
Houston Astros
27%
Montreal Canadiens
27%
New York Rangers
27%
Seattle Seahawks
27%
Baltimore Bullets
25%
Chicago Bears
25%
Edmonton Oilers
25%
Saints de la Nouvelle-Orléans
25%
St-Louis Cardinals
25%
Boston Bruins
23%
Los Angeles Dodgers
23%
Washington Redskins
23%
Ottawa Senators
22%
St-Louis Blues
22%
Cleveland Indians
20%
Philadelphia Phillies
20%
Detroit Red Wings
18%
Detroit Tigers
18%
Los Angeles Angels
18%
Chicago Blackhawks
17%
Indianapolis Colts
17%
Kansas City Royals
17%
New York Islanders
17%
Oackland Athletics
17%
Pittsburgh Penguins
17%
Pittsburgh Pirates
17%
Anaheim Ducks
15%
Atlanta Braves
15%
Dallas Stars
15%
Miami Marlins
15%
Tampa Bay Lightning
15%
Toronto Maple Leafs
15%
Baltimore Orioles
13%
Calgary Flames
13%
Carolina Hurricanes
13%
Colorado Avalanche
13%
Washington Nationals
13%
New Jersey Devils
12%
Philadelphia Flyers
12%
Washington Capitals
12%
Toronto Blue Jays
10%
Arizona Diamondbacks
8%
Minnesota Twins
7%
Montreal Maroons
3%
Seattle Metropolitans
3%
Victoria Cougars
3%
Vancouver Millionaires
2%
Aucun quiz correspondant
Distribution des résultats
% des personnes avec chaque résultat
Percentile par nombre de réponses
Votre historique - résultats
Vous n’avez pas pris ce quiz depuis la dernière actualisation